000 00449nam a22001697a 4500
003 NUST
005 20220807100811.0
008 220807b ||||| |||| 00| 0 eng d
020 _a9780060838676
038 _aAzhar
082 _a813.52
_bHUR
100 _aHurston, Zora Neale
_996631
245 _aTheir eyes were watching God : a novel
_cZora Neale Hurston
260 _aNew York
_bHarper perennial
_c1999
300 _a219p
942 _2ddc
_cLC
999 _c590803
_d590803